Statistiques concernant Coupes du Monde de Football: Grèce

Cliquez ici pour prendre le quiz!

Statistiques générales

  • Ce quiz a été pris 91 fois
  • Le résultat moyen est 6 sur 8

Statistiques - réponses

Réponse% Correct
Argentine
94%
Colombie
85%
Japon
85%
Nigeria
78%
Corée du Sud
74%
Côte d'Ivoire
73%
Costa Rica
72%
Bulgarie
59%

Distribution des résultats

Percentile par nombre de réponses

% des personnes avec chaque résultat

Votre développement - résultats

Vous n’avez pas pris ce quiz